| 000 | 00812nam a22002297a 4500 | ||
|---|---|---|---|
| 999 |
_c14643 _d14643 |
||
| 003 | AR-CdUCM | ||
| 008 | 190424b ||||| |||| 00| 0 spa d | ||
| 020 | _a978-9972-51-439-5 | ||
| 040 |
_aMUNICIPALIDAD PROVINCIAL DEL CUSCO _cBIBLIOTECA MUNICIPAL DEL CUSCO |
||
| 082 |
_23ed. _aPI / 803 / _bR84 |
||
| 100 |
_aRostworowski, María _9377 |
||
| 245 | _aEl origen de los hombres y otros cuentos del antiguo Perú / | ||
| 260 |
_aLima : _bIEP, _c2013. |
||
| 300 |
_a36 páginas : _c20 cm. _bIlustración |
||
| 440 |
_aLecturas para la escuela _933506 |
||
| 505 | _aContenido : El origen de los hombres -- Cuando el mar inundo la tierra -- La ceremonia en honor a la luna ... | ||
| 650 |
_aHistoria _9136 |
||
| 650 |
_aAntiguo _930513 |
||
| 650 |
_aPerú _935 |
||
| 942 |
_2ddc _cLIBROS |
||
| 945 |
_arah _d24/04/2019 |
||